000 00692 a2200217 4500
003 UA-OsUOA
005 20260430115502.0
008 260430b un ||||| |||| 00| 0 ukr d
040 _aUA-OsUOA
_beng
_cUA-OsUOA
_dUA-OsUOA
041 _aeng
080 _a82-32
090 _a82-32
_bP34
100 _aPavlenko C.
_925141
245 _aThe Cure for Breathlessness
_cCamille Pavlenko
260 _bShevchenko Foundation
_aWinnipeg
_c2024
300 _a12 p.
650 _2UDC
_a82 Література. Літературознавство
_915
942 _cBR
_2udc
955 _a3
999 _c580624
_d580624